Rogers' Therapeutic Conditions : Evolution, Theory and Practice : Empathy /
Carl R. Rogers introdujo una nueva perspectiva en el trabajo terapéutico, al poner a la persona en el centro de la escena. La presente obra, en cuatro volúmenes, reconstruye la evolución intelectual y vital de Rogers y expone sus aportaciones, tanto en términos teóricos, como del abordaje clínico.
Guardat en:
| Autor principal: | |
|---|---|
| Altres autors: | |
| Format: | Llibre |
| Idioma: | anglès |
| Publicat: |
Ross-on-Wye, Inglaterra :
PCCS Books,
2001, c2001
|
| Matèries: | |
| Etiquetes: |
Sense etiquetes, Sigues el primer a etiquetar aquest registre!
|
MARC
| LEADER | 00000nam^a2200000^a^4500 | ||
|---|---|---|---|
| 001 | 000159714 | ||
| 005 | 20250521000000.0 | ||
| 009 | 20260310100659.143 | ||
| 020 | |a 1-898059-30-6 | ||
| 037 | |a Acervo ITESO - Biblioteca | ||
| 041 | |a ING | ||
| 082 | |a 616. 89146 |b ROG V. 2 | ||
| 100 | |a Haugh, Sheila |e (ed.) | ||
| 240 | 1 | 1 | |a [Rogers' Therapeutic Conditions: Evolution, Theory and Practice] |
| 245 | 1 | 0 | |a Rogers' Therapeutic Conditions : |b Evolution, Theory and Practice : Empathy / |c Ed. de S. Haugh, T. Merry. |
| 264 | 4 | |a Ross-on-Wye, Inglaterra : |b PCCS Books, |c 2001, c2001 | |
| 300 | |a X, 256 p. | ||
| 336 | |a texto |b txt |2 rdacontenido | ||
| 337 | |a sin mediación |b n |2 rdamedio | ||
| 338 | |a volumen |b nc |2 rdasoporte | ||
| 520 | |a Carl R. Rogers introdujo una nueva perspectiva en el trabajo terapéutico, al poner a la persona en el centro de la escena. La presente obra, en cuatro volúmenes, reconstruye la evolución intelectual y vital de Rogers y expone sus aportaciones, tanto en términos teóricos, como del abordaje clínico. | ||
| 649 | |a XX | ||
| 650 | |a Psicoterapeutas Norteamericanos | ||
| 650 | |a Psicólogos Norteamericanos | ||
| 650 | |a Psicopatología | ||
| 650 | |a Humanismo | ||
| 650 | |a Terapia Centrada en la Persona | ||
| 650 | |a Psicoterapia | ||
| 650 | |a Psicología Clínica | ||
| 650 | |a Rogers, Carl R. | ||
| 700 | |a Merry, Tony |e (edición) | ||
| 910 | |a Fondo General | ||
| 920 | |a Impresos - Libros | ||
| 930 | |a Colección General | ||
| 905 | |a 101 | ||
| 901 | |a 0500091559 |b IT1 |c ACC |u 20250521 | ||
| 902 | |a https://opac.biblio.iteso.mx/vufind/Record/000159714 | ||